000 00738cam a2200205 a 4500
005 20160311121655.0
008 041025s2003 ck d z f00010 spa d
040 _aie
_cie
_dCO-BoIAVH
041 0 _aspa
044 _ack
082 0 4 _a333.75153
_bC71p
110 1 _aColombia.
_b Departamento Nacional de Planeación.
245 1 0 _aPolitica de estimulo a la reforestacion comercial en Colombia: 2003-2006.
260 _aBogotá :
_bDepartamento Nacional de Planeación,
_c2003.
300 _a19 páginas :
_btablas ;
_c28 x 22 centímetros
490 0 _aDocumento Conpes ;
_v3237
650 6 _aReforestación
_z Colombia
_y 2003-2006.
650 6 _aPolítica forestal
_xColombia
_z2003-2006.
942 _2ddc
_cFolleto
999 _c3596
_d3596